MAASAI MARA UNIVERSITY

LIBRARY CATALOGUE

Contact Us: +254 020 2685356/7 or 0774 057787

Box: 861-20500, NAROK, KENYA

Email: info@mmarau.ac.ke

The secretary's bossman bargain / (Record no. 17431)

MARC details
000 -LEADER
fixed length control field 01143nam a22003497a 4500
003 - CONTROL NUMBER IDENTIFIER
control field OSt
005 - DATE AND TIME OF LATEST TRANSACTION
control field 20230414094947.0
008 - FIXED-LENGTH DATA ELEMENTS--GENERAL INFORMATION
fixed length control field 160609b xxu||||| |||| 00| 0 eng d
010 ## - LIBRARY OF CONGRESS CONTROL NUMBER
LC control number 2010713949
020 ## - INTERNATIONAL STANDARD BOOK NUMBER
International Standard Book Number 9780373730414 (pbk.) :
Terms of availability $4.75
020 ## - INTERNATIONAL STANDARD BOOK NUMBER
International Standard Book Number 0373730411 (pbk.) :
Terms of availability $4.75
035 ## - SYSTEM CONTROL NUMBER
System control number (OCoLC)ocn646069075
035 ## - SYSTEM CONTROL NUMBER
System control number (OCoLC)646069075
Canceled/invalid control number (OCoLC)646071153
040 ## - CATALOGING SOURCE
Original cataloging agency MMU
Transcribing agency MMU
Modifying agency MMU
-- MMU
Language of cataloging eng
042 ## - AUTHENTICATION CODE
Authentication code lccopycat
050 00 - LIBRARY OF CONGRESS CALL NUMBER
Classification number Fic. PS3581 .G37 2010
100 1# - MAIN ENTRY--PERSONAL NAME
Personal name Garnier, Red.
245 14 - TITLE STATEMENT
Title The secretary's bossman bargain /
Statement of responsibility, etc. Red Garnier.
260 ## - PUBLICATION, DISTRIBUTION, ETC. (IMPRINT)
Place of publication, distribution, etc. New York :
Name of publisher, distributor, etc. Silhouette,
Date of publication, distribution, etc. c2010.
300 ## - PHYSICAL DESCRIPTION
Extent 186, [5] p. :
Dimensions 18 cm.
490 0# - SERIES STATEMENT
Series statement Silhouette desire ;
-- Passion
490 1# - SERIES STATEMENT
Series statement Silhouette desire ;
Volume/sequential designation 2028
650 #0 - SUBJECT ADDED ENTRY--TOPICAL TERM
Topical term or geographic name as entry element Seduction
Form subdivision Fiction.
650 #0 - SUBJECT ADDED ENTRY--TOPICAL TERM
Topical term or geographic name as entry element Secretaries
Form subdivision Fiction.
650 #0 - SUBJECT ADDED ENTRY--TOPICAL TERM
Topical term or geographic name as entry element Man-woman relationships
Form subdivision Fiction.
655 #7 - INDEX TERM--GENRE/FORM
Genre/form data or focus term Love stories.
Source of term gsafd
710 2# - ADDED ENTRY--CORPORATE NAME
Corporate name or jurisdiction name as entry element Copyright Paperback Collection (Library of Congress)
Institution to which field applies DLC
830 #0 - SERIES ADDED ENTRY--UNIFORM TITLE
Uniform title Silhouette desire ;
Volume number/sequential designation 2028
906 ## - LOCAL DATA ELEMENT F, LDF (RLIN)
a 7
b cbc
c copycat
d 2
e ncip
f 20
g y-genrareb
942 ## - ADDED ENTRY ELEMENTS (KOHA)
Source of classification or shelving scheme Library of Congress Classification
Koha item type L
Holdings
Withdrawn status Lost status Source of classification or shelving scheme Damaged status Not for loan Home library Current library Date acquired Source of acquisition Total Checkouts Full call number Barcode Date last seen Date last checked out Price effective from Koha item type
    Library of Congress Classification     Maasai Mara University Library -Main Campus Maasai Mara University Library -Main Campus 06/09/2016 Donation 4 FIC PS3581 .G37 2010 201516293 04/26/2017 10/22/2016 06/09/2016 L
© 2016 Maasai Mara University.